Top 10 Players who have won the most trophies - Statistics

General Stats
  • This quiz has been taken 59 times
  • The average score is 6 of 10
Answer Stats
Number of Trophies Player % Correct
45 Lionel Messi
100%
35 Cristiano Ronaldo
98%
44 Dani Alves
77%
37 Andres Iniesta
75%
37 Gerard Pique
68%
37 Sergio Busquets
58%
34 Ryan Giggs
51%
37 Maxwell
34%
39 Hossam Ashour
0%
41 Hossam Hassan
0%
No matching quizzes found
Score Distribution
Percent of People with Each Score
Percentile by Number Answered
Your Score History
You have not taken this quiz